Caricamento...

Lectures on Homeopathic Materia Medica /

Dettagli Bibliografici
Autore principale: Kent, James Tyler
Natura: Printed Book
Lingua:English
Pubblicazione: New Delhi : Jain Publishing Co., 1983.
LEADER 00414nam a2200121Ia 4500
008 150624b xxu||||| |||| 00| 0 eng d
100 |a Kent, James Tyler 
245 |a Lectures on Homeopathic Materia Medica /  |c James Tyler Kent 
260 |a New Delhi :  |b Jain Publishing Co.,  |c 1983. 
300 |a 1031 p. 
942 |c BK 
999 |c 37341  |d 37341 
952 |0 0  |1 0  |4 0  |7 0  |9 37340  |a UL  |b UL  |c ST1  |d 1998-08-27  |l 0  |p 53858  |r 2012-10-27  |w 2012-10-27  |y BK